MDQL
is popping MORE tags! Check the
thread
!
Quizzes
Events
Quiz Creation
Community
Videos
Private Events
Remove Ads
Sign In
Join for FREE
Feedback
Dark Mode
Quiz Categories
Sports
Geography
Music
Movies
Television
Just For Fun
Miscellaneous
History
Literature
Language
Science
Gaming
Entertainment
Religion
Holiday
For Kids
Quiz Lab
Recent
Popular Today
Quiz Kudos Today
Editor Picks
Curator Picks
Quizzes by...
Day
Popularity
Type
Ratings
Length
Year
Community
Subscriptions
Recent Discussions
Orange Saloon
Badges
Playlists
Quests
Create
Leaderboards
Showdown
Live 5
Trivia Bingo
Activity
Puzzle Library
Sporcle Events
Private Events
Virtual Trivia
Globe League
Become a Host
Pub Owners
SporcleCon
Opinionation
Our Games
Videos
Blog
Mobile Apps
Partnerships
Remove Ads and Go Orange
Feedback
Television
TV Characters
TV Show
Sitcom
Network
Friends
Reality Shows
Cast
South Park
Star Trek
The Simpsons
Doctor Who
Television
TV Characters
TV Show
Sitcom
Network
Friends
Reality Shows
Cast
South Park
Star Trek
The Simpsons
Doctor Who
Random Quiz
Search Sporcle
×
Quiz Lab
Quiz Lab
Television
Pokémon
Type in answers that appear in a list
Type in answers that appear in a list
Classic
Best Score? Go Orange.
Pokemon Anime seasons Stats
Can you name the Pokemon Anime seasons?
By
NimbleOctopus
10m
21 Questions
303 Plays
303 Plays
303 Plays
Comments
Comments
Give Quiz Kudos
Give Quiz Kudos
-
- Ratings
hide this ad
More Info
Replay
Link that replays current quiz
Next Quiz
Link to next quiz in quiz playlist
You Got
0%
They Got
Avg Score
61%
Avg Friend Score
Upgrade to see
Score Distribution
Jump to the score distribution portion of the page
Score
0/21
Timer
10:00
0
Plays Today
Region
Series
% Correct
Kalos
XY
83.8%
Sinnoh
Diamond and Pearl
80.2%
Kanto
Adventures on the Orange Islands
79.5%
Hoenn
Advanced
77.9%
Unova
Black & White
77.9%
Kanto
Indigo League
76.2%
Kanto
Battle Frontier
74.3%
Alola
Sun & Moon
73.6%
Hoenn
Advanced Battle
70.3%
Johto
The Johto Journeys
65.3%
Johto
Master Quest
63.7%
Region
Series
% Correct
Sinnoh
Sinnoh League Victors
63.4%
Sinnoh
Galactic Battles
61.7%
Hoenn
Advanced Challenge
53.5%
Johto
Johto League Champions
49.2%
Unova
Adventures in Unova
49.2%
Kalos
Kalos Quest
42.2%
Unova
Rival Destinies
41.3%
Unova
Adventures in Unova and beyond
39.3%
Sinnoh
Battle Dimensions
38.6%
Kalos
XY&Z
21.1%
Quiz Playlist
Details
Report
Send in Message
Add To Playlist
More Info:
Can you name every pokemon anime season
Classic:
Type in answers that appear in a list
Last Updated: Jun 20, 2017
Quiz Scoreboard
CHALLENGE
Sign Up to Join the Scoreboard
Show All
Scores
Hide
Comments
May contain spoilers
Recently Published
Holiday 10x10 Sorting Gallery
by lukepisani3
Holiday
15m
Two Season TV Shows II
by 123Four
Television
10m
Image Sorting: Flags VI
by Barbecue
Geography
2m
More to Explore
Quiz From the Vault
Featured Blog Post
14 Easter Pick-up Lines to Find Eggs With
hide this ad
You Might Also Like...
Tags
Anime Quiz
Pokémon Quiz
companion
region
season
Today's Top Quizzes in Television
Browse Television
hide this ad
Today's Top Quizzes in Pokémon
Browse Pokémon
Top Contributed Quizzes in Television
1
Survivor Journey Challenge
2
Even More Two Season TV Shows
3
Adjectives in 00s TV Shows
4
Brooklyn Nine Nine Logic Puzzle (How-To-Play)
5
Adjectives in 10s TV Shows
6
Click the SpongeBob Episodes (Season 3)
7
Even More Three Season TV Shows
8
Survivor Logic Puzzle: Heroes vs. Villains
9
Total Drama Characters
10
Survivor Heroes vs. Villains Logic Puzzle
Explore More
Trending Topics
Crossword
Kpop
Disney
Harry Potter
NBA
Anime
Marvel
NFL
Puzzle
Pokémon
Soccer
Song
Country
The Office
WWE
hide this ad
More By:
NimbleOctopus
Quiz
Plays
Rating
Category
Featured
Created
My Hero Academia Logic Puzzle
12,968
3.15
Just For Fun
Jul 23, 2017
My Hero Academia Codenames
5,100
3.33
Entertainment
Jul 22, 2017
Injustice 2 characters by quotes
956
1.50
Gaming
May 30, 2017
Top 150 Horror Movies According to Rotten Tomatoes
442
3.83
Movies
Jun 7, 2019
Pokemon Anime seasons
303
Television
Jun 20, 2017
Go to Creator's Profile
Score Distribution
Quiz Creator Spotlight
NimbleOctopus
Follow
Send a Message
Quizzes Created
-
Created Quiz Play Count
-
More By This Creator
Popular Quizzes Today
1
Find the US States - No Outlines Minefield
2
Colored Red Africa Blitz
3
Find the 'City' Movie
4
The Countries of the World
5
5x2 Blitz: Bands
6
Find the Countries of Europe - No Outlines Minefield
7
Find the US States
8
US States
More Television Quizzes
Almost Useless Sketch Comedy Trivia
Published
Trending Quizzes
Colored Red Europe Blitz I
Colored Red Europe Blitz II
Colored Red Africa Blitz II
Even More Two Season TV Shows
Colored Red Africa Blitz III
Recently Updated
Odd Team Out - Big 4 Players
pecheneg
Quick Pick: 20 Twenties
pecheneg
March Madness Men's Triple Doubles
pecheneg
How Do You Spell That?
pecheneg
Godzilla Movies
pecheneg
Grab Bag: 4-10 Letters
pecheneg
2024 March Madness Bracket
pecheneg
Famous TV Couples
Peacemaker
Champions League XIs: Real Madrid
pecheneg
Largest US Cities 1790-2010
pecheneg
Trending Topics
Disney
NBA
Marvel
Anime
Harry Potter
Crossword
Kpop
Country
Soccer
Pokémon
Puzzle
The Office
WWE
Song
NFL
Your Account Isn't Verified!
In order to create a playlist on Sporcle, you need to verify the email address you used during registration. Go to your
Sporcle Settings
to finish the process.
Report this User
Report this user for behavior that violates our
Community Guidelines
.
Details:
Send Report
Go to the Sporcle.com Mobile Site →
Comments